000
00302nam a2200133Ia 4500
008
231129s1951||||xx |||||||||||||| ||spa||
040
_b
spa
082
_a
923.24 T235p
100
_a
Taxonera Luciano de
245
0
_a
Politicos del siglo XIX
260
_c
1951
264
_a
Argos
942
_2
ddc
_c
BKS
999
_c
23032
_d
23032